<?xml version="1.0" encoding="UTF-8"?>
<collection xmlns="http://www.loc.gov/MARC21/slim">
 <record>
  <leader>04635cam a2200841 c 4500</leader>
  <controlfield tag="001">1642000043</controlfield>
  <controlfield tag="003">DE-627</controlfield>
  <controlfield tag="005">20250718183643.0</controlfield>
  <controlfield tag="007">tu</controlfield>
  <controlfield tag="008">180912s2019    gw ||||| m    00| ||ger c</controlfield>
  <datafield tag="020" ind1=" " ind2=" ">
   <subfield code="a">9783786128021</subfield>
   <subfield code="q">Broschur : EUR 39.00 (DE)</subfield>
   <subfield code="9">978-3-7861-2802-1</subfield>
  </datafield>
  <datafield tag="035" ind1=" " ind2=" ">
   <subfield code="a">(DE-627)1642000043</subfield>
  </datafield>
  <datafield tag="035" ind1=" " ind2=" ">
   <subfield code="a">(DE-576)510880479</subfield>
  </datafield>
  <datafield tag="035" ind1=" " ind2=" ">
   <subfield code="a">(DE-599)BSZ510880479</subfield>
  </datafield>
  <datafield tag="035" ind1=" " ind2=" ">
   <subfield code="a">(OCoLC)1101133886</subfield>
  </datafield>
  <datafield tag="040" ind1=" " ind2=" ">
   <subfield code="a">DE-627</subfield>
   <subfield code="b">ger</subfield>
   <subfield code="c">DE-627</subfield>
   <subfield code="e">rda</subfield>
  </datafield>
  <datafield tag="041" ind1=" " ind2=" ">
   <subfield code="a">ger</subfield>
  </datafield>
  <datafield tag="044" ind1=" " ind2=" ">
   <subfield code="c">XA-DE-BE</subfield>
  </datafield>
  <datafield tag="072" ind1=" " ind2="7">
   <subfield code="a">1582</subfield>
   <subfield code="2">wsb</subfield>
  </datafield>
  <datafield tag="082" ind1="0" ind2="4">
   <subfield code="a">740</subfield>
   <subfield code="q">DE-101</subfield>
  </datafield>
  <datafield tag="084" ind1=" " ind2=" ">
   <subfield code="a">KUNST</subfield>
   <subfield code="q">DE-16</subfield>
   <subfield code="2">fid</subfield>
  </datafield>
  <datafield tag="084" ind1=" " ind2=" ">
   <subfield code="a">LH 30790</subfield>
   <subfield code="2">rvk</subfield>
   <subfield code="0">(DE-625)rvk/92989:</subfield>
  </datafield>
  <datafield tag="084" ind1=" " ind2=" ">
   <subfield code="a">LH 60400</subfield>
   <subfield code="2">rvk</subfield>
   <subfield code="0">(DE-625)rvk/94195:</subfield>
  </datafield>
  <datafield tag="084" ind1=" " ind2=" ">
   <subfield code="a">AK 88070</subfield>
   <subfield code="2">rvk</subfield>
   <subfield code="0">(DE-625)rvk/2727:10968</subfield>
  </datafield>
  <datafield tag="084" ind1=" " ind2=" ">
   <subfield code="a">02.30</subfield>
   <subfield code="2">bkl</subfield>
  </datafield>
  <datafield tag="084" ind1=" " ind2=" ">
   <subfield code="a">20.11</subfield>
   <subfield code="2">bkl</subfield>
  </datafield>
  <datafield tag="084" ind1=" " ind2=" ">
   <subfield code="a">02.01</subfield>
   <subfield code="2">bkl</subfield>
  </datafield>
  <datafield tag="100" ind1="1" ind2=" ">
   <subfield code="a">Dolezel, Eva</subfield>
   <subfield code="e">VerfasserIn</subfield>
   <subfield code="0">(DE-588)1185192123</subfield>
   <subfield code="0">(DE-627)1664543767</subfield>
   <subfield code="4">aut</subfield>
  </datafield>
  <datafield tag="245" ind1="1" ind2="4">
   <subfield code="a">Der Traum vom Museum</subfield>
   <subfield code="b">die Kunstkammer im Berliner Schloss um 1800 - eine museumsgeschichtliche Verortung</subfield>
   <subfield code="c">Eva Dolezel</subfield>
  </datafield>
  <datafield tag="264" ind1=" " ind2="1">
   <subfield code="a">Berlin</subfield>
   <subfield code="b">Gebr. Mann Verlag</subfield>
   <subfield code="c">[2019]</subfield>
  </datafield>
  <datafield tag="264" ind1=" " ind2="4">
   <subfield code="c">© 2019</subfield>
  </datafield>
  <datafield tag="300" ind1=" " ind2=" ">
   <subfield code="a">350 Seiten</subfield>
   <subfield code="b">Illustrationen, Pläne</subfield>
   <subfield code="c">21 cm</subfield>
  </datafield>
  <datafield tag="336" ind1=" " ind2=" ">
   <subfield code="a">Text</subfield>
   <subfield code="b">txt</subfield>
   <subfield code="2">rdacontent</subfield>
  </datafield>
  <datafield tag="337" ind1=" " ind2=" ">
   <subfield code="a">ohne Hilfsmittel zu benutzen</subfield>
   <subfield code="b">n</subfield>
   <subfield code="2">rdamedia</subfield>
  </datafield>
  <datafield tag="338" ind1=" " ind2=" ">
   <subfield code="a">Band</subfield>
   <subfield code="b">nc</subfield>
   <subfield code="2">rdacarrier</subfield>
  </datafield>
  <datafield tag="500" ind1=" " ind2=" ">
   <subfield code="a">&quot;Der Text wurde für die Veröffentlichung leicht überarbeitet.&quot; - Seite 345</subfield>
  </datafield>
  <datafield tag="502" ind1=" " ind2=" ">
   <subfield code="b">Dissertation</subfield>
   <subfield code="c">Humboldt-Universität zu Berlin</subfield>
   <subfield code="d">2015</subfield>
  </datafield>
  <datafield tag="583" ind1="1" ind2=" ">
   <subfield code="a">Archivierung/Langzeitarchivierung gewährleistet</subfield>
   <subfield code="f">FID</subfield>
   <subfield code="x">XA-DE-BW</subfield>
   <subfield code="2">pdager</subfield>
   <subfield code="5">DE-16</subfield>
  </datafield>
  <datafield tag="655" ind1=" " ind2="7">
   <subfield code="a">Hochschulschrift</subfield>
   <subfield code="0">(DE-588)4113937-9</subfield>
   <subfield code="0">(DE-627)105825778</subfield>
   <subfield code="0">(DE-576)209480580</subfield>
   <subfield code="2">gnd-content</subfield>
  </datafield>
  <datafield tag="689" ind1="0" ind2="0">
   <subfield code="d">g</subfield>
   <subfield code="0">(DE-588)4137109-4</subfield>
   <subfield code="0">(DE-627)104766662</subfield>
   <subfield code="0">(DE-576)20967489X</subfield>
   <subfield code="a">Stadtschloss Berlin</subfield>
   <subfield code="g">Berlin</subfield>
   <subfield code="2">gnd</subfield>
  </datafield>
  <datafield tag="689" ind1="0" ind2="1">
   <subfield code="d">s</subfield>
   <subfield code="0">(DE-588)4176963-6</subfield>
   <subfield code="0">(DE-627)105352241</subfield>
   <subfield code="0">(DE-576)209974176</subfield>
   <subfield code="a">Raritätenkammer</subfield>
   <subfield code="2">gnd</subfield>
  </datafield>
  <datafield tag="689" ind1="0" ind2="2">
   <subfield code="a">z</subfield>
   <subfield code="2">gnd</subfield>
   <subfield code="a">Geschichte 1790-1806</subfield>
  </datafield>
  <datafield tag="689" ind1="0" ind2=" ">
   <subfield code="5">(DE-627)</subfield>
  </datafield>
  <datafield tag="689" ind1="1" ind2="0">
   <subfield code="d">g</subfield>
   <subfield code="0">(DE-588)4005728-8</subfield>
   <subfield code="0">(DE-627)10482638X</subfield>
   <subfield code="0">(DE-576)208862560</subfield>
   <subfield code="a">Berlin</subfield>
   <subfield code="2">gnd</subfield>
  </datafield>
  <datafield tag="689" ind1="1" ind2="1">
   <subfield code="d">s</subfield>
   <subfield code="0">(DE-588)4040795-0</subfield>
   <subfield code="0">(DE-627)106221485</subfield>
   <subfield code="0">(DE-576)209042311</subfield>
   <subfield code="a">Museum</subfield>
   <subfield code="2">gnd</subfield>
  </datafield>
  <datafield tag="689" ind1="1" ind2="2">
   <subfield code="d">s</subfield>
   <subfield code="0">(DE-588)4141681-8</subfield>
   <subfield code="0">(DE-627)105618527</subfield>
   <subfield code="0">(DE-576)209713305</subfield>
   <subfield code="a">Akademie der Wissenschaften</subfield>
   <subfield code="2">gnd</subfield>
  </datafield>
  <datafield tag="689" ind1="1" ind2="3">
   <subfield code="d">s</subfield>
   <subfield code="0">(DE-588)4066562-8</subfield>
   <subfield code="0">(DE-627)104393998</subfield>
   <subfield code="0">(DE-576)209165138</subfield>
   <subfield code="a">Wissenschaft</subfield>
   <subfield code="2">gnd</subfield>
  </datafield>
  <datafield tag="689" ind1="1" ind2="4">
   <subfield code="a">z</subfield>
   <subfield code="2">gnd</subfield>
   <subfield code="a">Geschichte</subfield>
  </datafield>
  <datafield tag="689" ind1="1" ind2=" ">
   <subfield code="5">(DE-627)</subfield>
  </datafield>
  <datafield tag="710" ind1="2" ind2=" ">
   <subfield code="a">Humboldt-Universität zu Berlin</subfield>
   <subfield code="e">Grad-verleihende Institution</subfield>
   <subfield code="0">(DE-588)1220138-8</subfield>
   <subfield code="0">(DE-627)101191235</subfield>
   <subfield code="0">(DE-576)193677407</subfield>
   <subfield code="4">dgg</subfield>
  </datafield>
  <datafield tag="710" ind1="2" ind2=" ">
   <subfield code="a">Gebrüder-Mann-Verlag</subfield>
   <subfield code="e">Verlag</subfield>
   <subfield code="0">(DE-588)5272457-8</subfield>
   <subfield code="0">(DE-627)713377054</subfield>
   <subfield code="0">(DE-576)196850029</subfield>
   <subfield code="4">pbl</subfield>
  </datafield>
  <datafield tag="751" ind1=" " ind2=" ">
   <subfield code="a">Berlin</subfield>
   <subfield code="0">(DE-588)4005728-8</subfield>
   <subfield code="0">(DE-627)10482638X</subfield>
   <subfield code="0">(DE-576)208862560</subfield>
   <subfield code="4">uvp</subfield>
  </datafield>
  <datafield tag="776" ind1="0" ind2="8">
   <subfield code="i">Erscheint auch als</subfield>
   <subfield code="n">Online-Ausgabe</subfield>
   <subfield code="a">Dolezel, Eva</subfield>
   <subfield code="t">Der Traum vom Museum</subfield>
   <subfield code="d">Berlin : Gebr. Mann Verlag, 2019</subfield>
   <subfield code="h">1 Online-Ressource (350 Seiten)</subfield>
   <subfield code="w">(DE-627)1764994663</subfield>
   <subfield code="z">9783786175001</subfield>
  </datafield>
  <datafield tag="776" ind1="0" ind2="8">
   <subfield code="i">Erscheint auch als</subfield>
   <subfield code="n">Online-Ausgabe</subfield>
   <subfield code="a">Dolezel, Eva</subfield>
   <subfield code="t">Der Traum vom Museum</subfield>
   <subfield code="b">1. Auflage</subfield>
   <subfield code="d">Berlin : Gebr. Mann Verlag, 2019</subfield>
   <subfield code="h">1 Online-Ressource (350 Seiten)</subfield>
   <subfield code="w">(DE-627)1685612997</subfield>
   <subfield code="z">9783786175001</subfield>
  </datafield>
  <datafield tag="787" ind1="0" ind2="8">
   <subfield code="i">Rezensiert in</subfield>
   <subfield code="a">Pitteloud, Lara</subfield>
   <subfield code="t">[Rezension von: Eva Dolezel, Der Traum vom Museum, Die Kunstkammer im Berliner Schloss um 1800 - eine museumsgeschichtliche Verortung]</subfield>
   <subfield code="d">2024</subfield>
   <subfield code="w">(DE-627)1931326630</subfield>
  </datafield>
  <datafield tag="856" ind1="4" ind2="2">
   <subfield code="u">http://www.gbv.de/dms/weimar/toc/1642000043_toc.pdf</subfield>
   <subfield code="m">V:DE-601</subfield>
   <subfield code="m">B:DE-Wim2</subfield>
   <subfield code="q">application/pdf</subfield>
   <subfield code="x">Verlag</subfield>
   <subfield code="3">Inhaltsverzeichnis</subfield>
   <subfield code="7">1</subfield>
  </datafield>
  <datafield tag="936" ind1="r" ind2="v">
   <subfield code="a">LH 30790</subfield>
   <subfield code="b">Berlin</subfield>
   <subfield code="k">Kunstgeschichte</subfield>
   <subfield code="k">Allgemeines. Allgemeine Kunstgeschichte</subfield>
   <subfield code="k">Museumskunde. Museumskataloge</subfield>
   <subfield code="k">Kataloge einzelner Museen; Schrifttum über einzelne Museen</subfield>
   <subfield code="k">Orte B</subfield>
   <subfield code="k">Berlin</subfield>
   <subfield code="0">(DE-627)1270638157</subfield>
   <subfield code="0">(DE-625)rvk/92989:</subfield>
   <subfield code="0">(DE-576)200638157</subfield>
  </datafield>
  <datafield tag="936" ind1="r" ind2="v">
   <subfield code="a">LH 60400</subfield>
   <subfield code="b">Kunstsammeln</subfield>
   <subfield code="k">Kunstgeschichte</subfield>
   <subfield code="k">Allgemeines. Allgemeine Kunstgeschichte</subfield>
   <subfield code="k">Kunstkennerschaft und Mäzenatentum</subfield>
   <subfield code="k">Kunstsammeln</subfield>
   <subfield code="0">(DE-627)1270643045</subfield>
   <subfield code="0">(DE-625)rvk/94195:</subfield>
   <subfield code="0">(DE-576)200643045</subfield>
  </datafield>
  <datafield tag="936" ind1="r" ind2="v">
   <subfield code="a">AK 88070</subfield>
   <subfield code="b">Berlin</subfield>
   <subfield code="k">Allgemeines</subfield>
   <subfield code="k">Museumswesen, Museologie, Museumswissenschaft</subfield>
   <subfield code="k">Einzelne Museen</subfield>
   <subfield code="k">Deutschland</subfield>
   <subfield code="k">Berlin</subfield>
   <subfield code="0">(DE-627)1271033526</subfield>
   <subfield code="0">(DE-625)rvk/2727:10968</subfield>
   <subfield code="0">(DE-576)201033526</subfield>
  </datafield>
  <datafield tag="936" ind1="b" ind2="k">
   <subfield code="a">02.30</subfield>
   <subfield code="j">Museumskunde</subfield>
   <subfield code="0">(DE-627)106403192</subfield>
  </datafield>
  <datafield tag="936" ind1="b" ind2="k">
   <subfield code="a">20.11</subfield>
   <subfield code="j">Kunstsammlung</subfield>
   <subfield code="0">(DE-627)106406248</subfield>
  </datafield>
  <datafield tag="936" ind1="b" ind2="k">
   <subfield code="a">02.01</subfield>
   <subfield code="j">Geschichte der Wissenschaft und Kultur</subfield>
   <subfield code="0">(DE-627)106403168</subfield>
  </datafield>
  <datafield tag="951" ind1=" " ind2=" ">
   <subfield code="a">BO</subfield>
  </datafield>
  <datafield tag="990" ind1=" " ind2=" ">
   <subfield code="a">Stadtschloss Berlin</subfield>
  </datafield>
  <datafield tag="990" ind1=" " ind2=" ">
   <subfield code="a">Raritätenkammer</subfield>
  </datafield>
  <datafield tag="990" ind1=" " ind2=" ">
   <subfield code="a">Geschichte 1790-1806</subfield>
  </datafield>
  <datafield tag="990" ind1=" " ind2=" ">
   <subfield code="a">Berlin</subfield>
  </datafield>
  <datafield tag="990" ind1=" " ind2=" ">
   <subfield code="a">Museum</subfield>
  </datafield>
  <datafield tag="990" ind1=" " ind2=" ">
   <subfield code="a">Akademie der Wissenschaften</subfield>
  </datafield>
  <datafield tag="990" ind1=" " ind2=" ">
   <subfield code="a">Wissenschaft</subfield>
  </datafield>
  <datafield tag="990" ind1=" " ind2=" ">
   <subfield code="a">Geschichte</subfield>
  </datafield>
  <datafield tag="991" ind1=" " ind2=" ">
   <subfield code="a">Rezensiertes Werk</subfield>
  </datafield>
  <datafield tag="999" ind1=" " ind2=" ">
   <subfield code="a">KXP-PPN1642000043</subfield>
   <subfield code="e">496747053X</subfield>
  </datafield>
 </record>
</collection>
